书目信息 |
| 题名: |
绿色食品-野菜
|
|
| 作者: | 金东梅 , 东惠茹 编 | |
| 分册: | ||
| 出版信息: | 北京 化学工业出版社 2001.10 |
|
| 页数: | 308页 | |
| 开本: | 19cm | |
| 丛书名: | ||
| 单 册: | ||
| 中图分类: | S647 | |
| 科图分类: | ||
| 主题词: | 园艺 | |
| 电子资源: | ||
| ISBN: | 7-5025-3476-8 | |
| 000 | 00587nam0 2200205 45 | |
| 001 | 0457611012 | |
| 005 | 2004042816001036 | |
| 010 | @a7-5025-3476-8@dCNY 20.00 | |
| 100 | @a20040428d2001 km y0chiy0120 ea | |
| 101 | 0 | @achi |
| 102 | @aCN@b110000 | |
| 200 | 1 | @a绿色食品-野菜@ALu Se Shi Pin-Ye Cai@f金东梅,东惠茹等编@Fjin dong mei,dong hui ru deng bian |
| 210 | @a北京@c化学工业出版社@d2001.10 | |
| 215 | @a308页@d19cm | |
| 606 | 0 | @a园艺 |
| 690 | @aS647@v3 | |
| 701 | 0 | @a金东梅@Ajin dong mei@4编 |
| 701 | 0 | @a东惠茹@Adong hui ru@4编 |
| 801 | 0 | @aCN@bPFT@c20040428 |
| 905 | @dS647@eJ764 | |
| 绿色食品-野菜/金东梅,东惠茹等编.-北京:化学工业出版社,2001.10 |
| 308页;19cm |
| ISBN 7-5025-3476-8:CNY 20.00 |
| ● |
| 相关链接 |
|
|
|
正题名:绿色食品-野菜
索取号:S647/J764
 
预约/预借
| 序号 | 登录号 | 条形码 | 馆藏地/架位号 | 状态 | 备注 |
| 1 | 390662 | 203906620 | 自科库401/401自科库 67排7列5层/ [索取号:S647/J764] | 在馆 | |
| 2 | 390663 | 203906639 | 自科库401/ [索取号:S647/J764] | 在馆 | |
| 3 | 390664 | 203906648 | 自科库401/ [索取号:S647/J764] | 在馆 |